000 00808nam#a2200289#a 4500
001 vtls000295751
003 NLI
005 20210602131417.0
008 101203s1965 ii 000 0 eng
020 _cRs. 40.00
039 9 _y201012031952
_zVLOAD
040 0 _aNLI
_beng
_cEntertech-FY 2010
_eAACR2
041 0 _aeng
044 _aii
082 0 4 _a294.1
100 1 _aLaw, Narendra Nath
_d1889-
_9328584
245 1 0 _aAge of the Rigveda
_cNarendra Nath Law
260 _aCalcutta
_bFirma K. L. Mukhopadhyay
_c1965
300 _avii, xvi, 166 p.
_c25 cm.
500 _aText in English and Sanskrit
650 0 _aVedas.
_bRgveda
887 _a
901 _a473250
_b5.5.1982
902 _aE/O 294.1 L 412
949 _AVIRTUAITEM
_D10000
_X100
_6PUR000473250ENG
942 _2ddc
_cBKS
999 _aVIRTUA40
_c251237
_d251237